Sports Quiz

Random Sports or Tennis Quiz

(Tennis) Beat Serena Williams at Grand Slam Quiz Stats

 Plays Quiz not verified by Sporcle

Score 0/41 Timer 09:00
0 Plays Today
Slam Player % Correct
1998 Australian OpenVenus Williams
96.7%
2000 WimbledonVenus Williams
96.7%
2001 US OpenVenus Williams
96.7%
2005 US OpenVenus Williams
96.7%
2008 WimbledonVenus Williams
96.7%
2004 WimbledonMaria Sharapova
94%
2003 French OpenJustine Henin
91.5%
2007 French OpenJustine Henin
91.5%
2007 WimbledonJustine Henin
91.5%
2007 US OpenJustine Henin
91.5%
2009 US OpenKim Clijsters
88.2%
2000 US OpenLindsay Davenport
86%
2001 Australian OpenMartina Hingis
85.3%
2014 Australian OpenAna Ivanović
83.8%
2016 Australian OpenAngelique Kerber
83.4%
2010 French OpenSamantha Stosur
81.1%
2011 US OpenSamantha Stosur
81.1%
2001 French OpenJennifer Capriati
77.5%
2001 WimbledonJennifer Capriati
77.5%
2004 French OpenJennifer Capriati
77.5%
2004 US OpenJennifer Capriati
77.5%
Slam Player % Correct
2013 WimbledonSabine Lisicki
77.3%
2008 Australian OpenJelena Janković
77.1%
2015 US OpenRoberta Vinci
75.9%
2006 US OpenAmélie Mauresmo
75.8%
2011 WimbledonMarion Bartoli
75.5%
2013 Australian OpenSloane Stephens
74.9%
2014 French OpenGarbiñe Muguruza
74%
2009 French OpenSvetlana Kuznetsova
70.8%
2014 WimbledonAlizé Cornet
67.9%
1998 French OpenArantxa Sánchez Vicario
65.6%
2006 Australian OpenDaniela Hantuchová
56.3%
2012 French OpenVirginie Razzano
51.9%
2012 Australian OpenEkaterina Makarova
45.7%
1998 US OpenIrina Spîrlea
28.5%
2008 French OpenKatarina Srebotnik
27.5%
2005 WimbledonJill Craybas
25.1%
1999 Australian OpenSandrine Testud
21.4%
1999 French OpenMary Joe Fernández
19.2%
2000 Australian OpenElena Likhovtseva
17.9%
1998 WimbledonVirginia Ruano Pascual
15.8%

You're not logged in!

Compare scores with friends on all Sporcle quizzes.
OR
Log In

Show Comments

Extras

Top Quizzes Today


Score Distribution

Your Account Isn't Verified!

In order to create a playlist on Sporcle, you need to verify the email address you used during registration. Go to your Sporcle Settings to finish the process.

Report this User

Report this user for behavior that violates our Community Guidelines.

Details: